Technical communication : (Record no. 4850)
[ view plain ]
| 000 -LEADER | |
|---|---|
| fixed length control field | 00579 a2200193 4500 |
| 020 ## - INTERNATIONAL STANDARD BOOK NUMBER | |
| International Standard Book Number | 0155074210 |
| 020 ## - INTERNATIONAL STANDARD BOOK NUMBER | |
| International Standard Book Number | 0155074210 |
| 082 00 - DEWEY DECIMAL CLASSIFICATION NUMBER | |
| Classification number | 808.0666 |
| 090 ## - LOCALLY ASSIGNED LC-TYPE CALL NUMBER (OCLC); LOCAL CALL NUMBER (RLIN) | |
| -- | 880 |
| -- | 880 |
| 100 1# - MAIN ENTRY--PERSONAL NAME | |
| Personal name | Anderson, Paul V. |
| 245 10 - TITLE STATEMENT | |
| Title | Technical communication : |
| Remainder of title | a reader-centered approach / |
| Statement of responsibility, etc. | Paul V. Anderson. |
| 250 ## - EDITION STATEMENT | |
| Edition statement | 5th ed. |
| 260 ## - PUBLICATION, DISTRIBUTION, ETC. | |
| Place of publication, distribution, etc. | Boston : |
| Name of publisher, distributor, etc. | Thomson/Heinle, |
| Date of publication, distribution, etc. | c2003. |
| 300 ## - PHYSICAL DESCRIPTION | |
| Extent | xxiv, 647 p. : |
| Other physical details | col. ill. ; |
| Dimensions | 24 cm. |
| 650 #0 - SUBJECT ADDED ENTRY--TOPICAL TERM | |
| Topical term or geographic name entry element | English language |
| General subdivision | Technical English |
| 650 #0 - SUBJECT ADDED ENTRY--TOPICAL TERM | |
| Topical term or geographic name entry element | Communication of technical information |
| 650 #0 - SUBJECT ADDED ENTRY--TOPICAL TERM | |
| Topical term or geographic name entry element | Technical writing |
| 942 ## - ADDED ENTRY ELEMENTS (KOHA) | |
| Koha item type | Book |
| Call number prefix | 808.066 AND |
| Withdrawn status | Lost status | Damaged status | Not for loan | Collection code | Permanent Location | Current Location | Shelving location | Date acquired | Source of acquisition | Cost, normal purchase price | Total Checkouts | Full call number | Barcode | Checked out | Date last seen | Date last checked out | Price effective from | Koha item type |
|---|---|---|---|---|---|---|---|---|---|---|---|---|---|---|---|---|---|---|
| Central Library (CL) | Central Library (CL) | General Stacks | 10/04/2004 | Academic Book Company | 2790.45 | 1 | 808.0666 AND | SEECS004892 | 05/28/2026 | 01/28/2026 | 01/28/2026 | 06/26/2013 | Book | |||||
| Central Library (CL) | Central Library (CL) | General Stacks | 10/10/2006 | Academic Book Company | 2905.06 | 1 | 808.0666 AND | SEECS007600 | 05/19/2025 | 05/18/2025 | 06/26/2013 | Book |
